Statystyki dla Miasta powyżej 1mln zaczynające się na tą samą literę co państwo

Kliknij tutaj aby rozwiązać quiz!

Ogólne statystyki

  • Ten quiz został rozwiązany 56 razy
  • Średni wynik to 10 z 46

Statystyki odpowiedzi

Ludność (w mln)Miasto% Poprawnych
24,7Meksyk
95%
4,1Brasília
85%
2,2Sztokholm
59%
2,7Bruksela
56%
1,6Panama
44%
4,1Algier
41%
2,8Tunis
41%
1,2Norymberga
37%
1,5Porto
37%
3,2Gwatemala
34%
4,55Seattle
34%
1,3Rostów nad Donem
32%
5,1Belo Horizonte
29%
7,8San Francisco
29%
7,95Singapur
29%
9,2Tajpej
29%
1,4Niamey
27%
15,2Chengdu
24%
1,4Adelajda
22%
4,3Kuwejt
22%
2,4Maputo
22%
2,2San Antonio
22%
3,3San Diego
22%
1,1Marakesz
20%
10,1Chongqing
17%
5,75Monterrey
17%
2,1Sacramento
15%
2,2Belém
12%
3,3Isfahan
12%
2,4St. Louis
12%
10,0Changsha
10%
1,9San Salvador
10%
2,5Peszawar
7%
3,4Indore
5%
1,2Kartagena (Kolumbia)
5%
2,0Walencja (Wenezuela)
5%
2,6Salt Lake City
2%
2,0San Juan (Stany Zjednoczone)
2%
1,3Stockton
2%
1,0Bobo-Dioulasso
0%
1,6Cangnan
0%
1,1Changde
0%
1,3Mérida
0%
1,0Morelia
0%
2,4Taichung
0%
1,3Tainan
0%

Rozkład punktacji

Percentyl według liczby udzielonych odpowiedzi

Procent ludzi z każdym wynikiem

Twoja historia wyników

Nie rozwiązałeś tego quizu